000 00655cam a22002171 4500
001 sa 66000526
003 DLC
005 20260227112215.0
008 960924s195u pk 000 0 pusr
010 _asa 66000526
025 _aPL480:P-Pushto-203
035 _a(OCoLC)35625798
040 _aDLC
_cCLU
_dCLU
_dDLC
042 _apremarc
050 0 0 _aPK6820.N83
_bM3
100 0 _aNūr Maḥmad Nawṣhārạy.
245 0 0 _aMaqbūl-i ʻām,
_bTakhayyalāt Nūr Maḥmad Nawkhārạy.
_cauthor: Ustād Nūr Maḥmad Nawkhārạy.
260 _aPishāwar Shahar,
_bʻAbd al-Ḥakīm end Sạnz
_c[195-?]
300 _a56 p.
_c25 cm.
500 _aPoems.
999 _c67301
_d67301